Five Nights At Freddy's; (Record no. 203764)

MARC details
000 -LEADER
fixed length control field 00660 a2200217 4500
005 - DATE AND TIME OF LATEST TRANSACTION
control field 20240627105602.0
010 ## - LCCN (DPL NO)
LC control number B-759939
020 ## - INTERNATIONAL STANDARD BOOK NUMBER
International Standard Book Number 9789354711114
Terms of availability 395.00
035 ## - SYSTEM CONTROL NUMBER
System control number B-759939
037 ## - SOURCE OF ACQUISITION
Source of stock number/acquisition Gift
082 ## - DEWEY DECIMAL CLASSIFICATION NUMBER
Classification number S
100 ## - MAIN ENTRY--PERSONAL NAME
Personal name Cawthon, Scott
245 ## - TITLE STATEMENT
Title Five Nights At Freddy's;
Remainder of title Fazbear Frights#7 The Cliffs/
Statement of responsibility, etc Scott Cawthon , Elley Cooper [at...all] Andrea Waggener
260 ## - PUBLICATION, DISTRIBUTION, ETC. (IMPRINT)
Place of publication, distribution, etc New Delhi
Name of publisher, distributor, etc Scholastic Inc.
Date of publication, distribution, etc 2021
270 ## - ADDRESS
Address New Delhi
300 ## - PHYSICAL DESCRIPTION
Extent 194 p.
Dimensions 19 cm(Pb)
700 ## - ADDED ENTRY--PERSONAL NAME
Personal name Cooper , Elley
9 (RLIN) 67825
700 ## - ADDED ENTRY--PERSONAL NAME
Personal name Waggener, Andrea
9 (RLIN) 67826
942 ## - ADDED ENTRY ELEMENTS (KOHA)
Institution code [OBSOLETE] dpl
Item type Children Books
Source of classification or shelving scheme Dewey Decimal Classification
Classification part S
Call number suffix CAW
Holdings
Withdrawn status Lost status Not for loan Collection code Home library Current library Date acquired Source of acquisition Cost, normal purchase price Full call number Barcode Copy number Cost, replacement price Koha item type Public note
      Fiction Ashok Vihar Ashok Vihar 27/06/2024 Gift/25.6.24 395.00 S CAW B-759939 1 395.00 Children Books Gift

© Delhi Public Library
Hit Counter
free hit counter